LEADER 01014nam0 22002771i 450 001 UON00520648 005 20231205105543.161 100 $a20231128d2001 |0itac50 ba 101 $ager 102 $aDE 105 $a|||| ||||| 200 1 $aˆDas ‰rote Jahrzehnt$eunsere kleine deutsche Kulturrevolution, 1967-1977$fGerd Koenen 205 $a2. Aufl 210 $aKoln$cKiepenheuer & Witsch$d2001 215 $a553 p.$d22 cm 606 $aGermania$3UONC041477$2FI 620 $aDE$dKöln$3UONL005641 676 $a335.4309$cEconomia. Comunismo. Storia$v21 700 1$aKOENEN$bGerd$3UONV238806$0783795 712 $aKiepenheuer & Witsch$3UONV251806$4650 801 $aIT$bSOL$c20250808$gRICA 899 $aSIBA - SISTEMA BIBLIOTECARIO DI ATENEO$2UONSI 912 $aUON00520648 950 $aSIBA - SISTEMA BIBLIOTECARIO DI ATENEO$dSI F. Goethe 943.0F KOE 5197 $eSI 48005 5 5197 996 $aRote Jahrzehnt$93905474 997 $aUNIOR